000 00698nam a2200301Ia 4500
005 20260401122111.0
008 008 250103s9999 xx 000 0 eng d
020 _a868407372
037 _aTB
040 _aEDL
040 _beng
040 _cEDL
041 _2eng
041 _aeng
084 _a305.420994 DIX
084 _qEDL
100 _aDixson, Miriam
_91232599
245 0 _aReal Matilda: Women and Identity in Australia 1788 to the Present
245 0 _cDixson, Miriam
260 _aSydney
260 _bUNSW Press
260 _c1999
300 _a318p
942 _cTB
942 _h305.420994 DIX
999 _c1844907
_d1844907